Statystyki dla Quiz o zadymiarzu z brawl stars

Kliknij tutaj aby rozwiązać quiz!

Ogólne statystyki

  • Ten quiz został rozwiązany 65 razy
  • Średni wynik to 15 z 15

Statystyki odpowiedzi

HintOdpowiedź% Poprawnych
Legendarny zadymiarz który strzela ogniem a
Ultem rzuca butelkę która można podpalić - dziewczyna
Amber
98%
bardzo rzadki
Który strzela z kilofa i jest wózku - chłopak
Carl
98%
rzadki zadymiarz
Który strzela z rewolwerów- chłopak
Colt
98%
Bardzo rzadki zadymiarz który strzela dynamitami
A ult zabiera sporo życia - chłopak
Dynamike
98%
Rzadki zadymiarz który jest jak Mike Tyson a ultem
Jest spadający łokieć - chłopak
El primo
98%
Epicki zadymiarz który ma mało życia ale zadaje
Bardzo dużo HP a i ma parasol - dziewczyna
Piper
98%
Rzadki zadymiarz który atakuje grając na gitarze
A ult uleczą jego zdrowie - chłopak
Poco
98%
Bardzo rzadki zadymiarz który jest robotem i strzela piłeczkami - chłopakRico
98%
Legendarny zadymiarz który strzela kolcami
A ultem jest plama z kolcami która zabiera hp i spowalnia - chłopak
Spike
98%
Mityczny zadymiarz który strzela
Kartami a ultem wsysa zadymiarzy - dziewczyna
Tara
98%
Epicki zadymiarz który używa kija
A ultem strzela kula z gumy - dziewczyna
Bibi
96%
Epicki zadymiarz który ultem może postawić działko
Który uleczą życie jest trochę gruby - dziewczyna
Pam
96%
Mityczny zadymiarz który rzuca
Walizkami w wrogów - chłopak
Pan P
96%
Mityczny zadymiarz który jest bardzo szybki
A przez ult jest jeszcze szybszy - dziewczyna
Maks
94%
Epicki zadymiarz który strzela z
Dywanów i często wkurza graczy - chłopak
Edgar
89%

Rozkład punktacji

Percentyl według liczby udzielonych odpowiedzi

Procent ludzi z każdym wynikiem

Twoja historia wyników

Nie rozwiązałeś tego quizu